01240 a2200217 45000010006000000050017000060080041000230030015000640400040000790800039001192450080001580200022002382500012002602640047002723000019003195050540003380410008008781000021008867000016009078560099009234596720260407155732.0260407a1986 arg spa dAR-UNSa-BCEJYS aAR-UNSa-BCEJYSbspacAR-UNSa-BCEJYS a330.342.14xEconomía capitalista10aRegulación y crisis del capitalismopla experiencia de los Estados Unidos a978-968-23-0486-6 a3a. ed. 1aMéxico :bSiglo Veintiuno editoresc1986 a344 p.c22 cm. aPrimera Parte: Las transformaciones de la relación salarial. Las leyes de la acumulación del capital: 1. La producción del capital – 2. Las transformaciones del proceso de trabajo – 3. La transformación de las condiciones de existencia del trabajo asalariado - - Segunda Parte: Las transformaciones de las relaciones intercapitalistas. Las leyes de la competencia: 4. Concentración y centralización del capital – 5. Tasa general de beneficio y competencia de capitales – 6. Sistema monetario, crédito y crisis.  aspa1 aAglietta, Michel1 aBueno, Juan41uhttps://www.biblioeco.unsa.edu.ar/pmb/images/libros/L127258.jpgyImagen de portadaqimage/jpeg